000 00707nam a2200229Ia 4500
001 4079
003 GE_BSU
008 181216s||||||||xx |||||||||||||| ||und||
040 _cGE_BSU
080 _a392(479.22)
100 _aფრუიძე, ლევან.
245 _aყოფა და ტრადიციები.
245 _b(ეთნოგრაფიული ეტიუდები).
245 _cრედ. ზ. მოლაშხია.
260 _aთბილისი
260 _bგანათლება
260 _c1987
300 _a127 გვ. 20 სმ.
541 _h2 ლ.
653 _aყოფა და ტრადიციები.
942 _cBK
999 _c38091
_d38091